000 01096nam a2200253 a 4500
001 000020535
005 20200930011126.0
008 100810s1997 dr r 000 0 fre d
040 _aDO-SdBNP
_bspa
_cBNPHU
082 _a306.3097293
_bM981c
100 1 _aMurray, Gerald F.
_922540
245 1 3 _aEl colmado :
_buna exploración antropológica del negocio de comidas y bebidas en la República Dominicana /
_cGerald F. Murray.
260 _aSanto Domingo :
_bFONDOMICRO,
_c1997.
300 _a379 p. :
_bil. ;
_c23 cm.
500 _aIncluye referencias bibliográficas y notas al pie de las páginas.
504 _aBibliografía : p. 375-379
590 _aInventariado, 2018/BT
650 4 _aComércio de abarrotes
_zRepública Dominicana
_922541
650 4 _aAbastecimietos de alimentos
_zRepública Dominicana
_922542
650 4 _aComercio e indústria alimentaria
_zRepública Dominicana
_922543
700 1 2 _aCanals, Jeannette,
_eed. y diagr.
_910203
710 2 _aFondo para el Financiamiento de la Microempresa (República Dominicana)
_99642
910 _aValidado. Control de calidad. MFF
999 _c20039
_d20039